000 00324 a2200145 4500
001 164178
020 _a
040 _cMagnum
100 _aLukacs, Mariza P. C.
240 1 0 _aO fascinante mundo das borboletas
_lpor
245 1 0 _aO fascinante mundo das borboletas
362 0 _a1899
697 _aZOOLOGIA
942 _cBK
999 _c164178
_d164178